Analýza vplyvu postavenia mikrodaňovníka na daň z príjmov bakalárska práca

Guardado en:
Detalles Bibliográficos
Autor principal: Frintová, Sabína
Autor Corporativo: Fakulta hospodárskej informatiky EU. Katedra účtovníctva a audítorstva
Otros Autores: Surovičová, Adriana, 1990-
Formato: Libro
Lenguaje:eslovaco
Publicado: Bratislava 2023
Etiquetas: Agregar Etiqueta
Sin Etiquetas, Sea el primero en etiquetar este registro!

MARC

LEADER 00000nbm a2200000 4500
001 0294965
005 20240314105456.0
041 0 |a slo 
044 |a SK 
245 1 0 |a Analýza vplyvu postavenia mikrodaňovníka na daň z príjmov  |b bakalárska práca  |c Sabína Frintová ; školiteľ: Adriana Surovičová 
264 1 |a Bratislava  |c 2023 
300 |a 36 s. 
100 1 |a Frintová, Sabína 
700 1 |a Surovičová, Adriana, 1990- 
710 2 |a Fakulta hospodárskej informatiky EU. Katedra účtovníctva a audítorstva